| 000 | 00888 a2200205 4500 | ||
|---|---|---|---|
| 005 | 20080909152721.0 | ||
| 008 | 080909t xxu||||| |||| 00| 0 hin d | ||
| 010 | _aHIN-79302 | ||
| 020 |
_c125.00 _a8190244396 |
||
| 035 | _aHN-51648 | ||
| 037 | _bD.B.Act / pub | ||
| 082 | _a608 | ||
| 100 | _aपूनम सोनकर | ||
| 245 |
_aविज्ञान की जानकारियाँ _cपूनम सोनकर |
||
| 260 |
_aइलाहाबाद _bदीपक प्रकाशन _c2006 |
||
| 270 |
_a693/542 के.एल.कीडगंज _bइलाहाबाद _e211003 |
||
| 300 |
_a80पृ _c22 सेमी (सजिल्द) |
||
| 942 |
_adpl _cHN _k608 / पूनम _2ddc _h608 _mपूनम |
||
| 999 |
_c1511 _d1511 |
||